000 01544nam a22002537a 4500
005 2009090306536.0
008 090302t xxu||||| |||| 00| 0 hin d
010 _aHIN-87934
020 _a8190290161
_c300.00
035 _aHN-60280
037 _bDBAD / PUB
040 _adpl
_bHN
082 _a823.08
100 _aजैन, सत्या
245 _aजैनेन्द्र और मृदुला गर्ग के उपन्यासों में चित्रित नर-नारी सम्बन्ध /
_cसत्या जैन
246 _aJainendra aura Mridula Garg ke upanyason men chitrita nara-naarii sambandha
_bby Satya Jain
260 _aदिल्ली
_bवाई.डी.पब्लिकेशन्स
_c2009
270 _a29/502, ईस्ट एण्ड अपार्टमैंट्स., मयूर विहार एक्सटेंशन, फेस-1
_bदिल्ली
_e110096
300 _a215पृ.
_c23सेमी (सजिल्द)
650 _aहिन्दी कथा साहित्य
_xव्याख्या एवं समालोचना
_xइतिहास एवं समालोचना
650 _aHindi fiction
_xCriticism and interpretation
_xHistory and criticism
942 _2ddc
_cHN
_mजैनस
_h823.08
999 _c29904
_d29904